00603nam a2200193Ia 4500008004100000020001800041082001500059100002300074245005500097250000600152260003400158300001000192500002400202650002400226700002800250942000700278952010700285999001700392230524s9999 xx 000 0 und d a9780143333548 a502.3bKAL aA.P.J. Abdul Kalam 0aReignited Scientific Pathways to A Brighter Future a1 aNew DelhibPuffin Booksc2015 a257p; aQuantity Number: 1 aMiscellaneous91877 aSrijan Pal Singh941798 cBK 00104070aTATCLbTATCLcGENd2023-05-24l1o502.3 KALp60742r2026-06-08s2026-02-19w2023-05-24yBK c60742d60742